00682nam a2200193Ia 4500003000900000008004100009020001800050040001600068080001500084100002600099245011600125260003700241300001500278650004100293650003200334942000700366999001500373952010000388IN-BaIIA211028s9999 xx 000 0 eng d a0-590-07437-7 cIIA Library a52-37bGAL aGallant, Roy A910974 0aBeyond earthbthe search for extraterrestrial lifecRoy A Gallant  aNew YorkbFour Winds Pressc1977 axvi, 191p. aAstronomy and astrophysics thesaurus aExtraterrestrial life94250 cBK c6395d6395 00104070aBANbBANcGENd1979-11-12l0o52-37/ GALp7120r2021-11-05w1979-11-12yBKG£ 6.50